[Event "XIV American Continental"]
[Site "Sao Paulo BRA"]
[Date "2019.07.06"]
[Round "2.26"]
[White "Madeira, Wagner Martins"]
[Black "Garcia Cardenas, Pablo"]
[Result "0-1"]
[WhiteElo "2150"]
[BlackElo "2443"]
[EventDate "2019.07.05"]
[PlyCount "86"]
[EventRounds "11"]
[EventCountry "BRA"]

1.Nf3 d5 2.g3 Nf6 3.Bg2 c5 4.O-O Nc6 5.d3 e6 6.Nbd2 Be7 7.e4 O-O 8.e5 Nd7 
9.Re1 Qc7 10.Qe2 b5 11.Nf1 Bb7 12.Bf4 Rfc8 13.h4 Qd8 14.N1h2 Rab8 15.h5 h6
16.Ng4 Bf8 17.Qd2 d4 18.Nfh2 Ne7 19.Be4 Bxe4 20.Rxe4 Nf5 21.Nf3 c4 22.Ngh2
Nc5 23.Ree1 cxd3 24.cxd3 Ne7 25.Qe2 Nc6 26.Bd2 Na4 27.Reb1 Qd5 28.Ng4 Be7 
29.Ne1 b4 30.f4 a5 31.Nf2 b3 32.axb3 Nc5 33.Nd1 Nxb3 34.Ra4 Nxd2 35.Qxd2 
Bb4 36.Qe2 Qb3 37.Rba1 Bxe1 38.Qxe1 Qxd3 39.R4a3 Qf5 40.Qf2 Nb4 41.Rxa5 
Nc2 42.R1a4 Qh3 43.Qf3 Ne1 0-1

[Event "XIV American Continental"]
[Site "Sao Paulo BRA"]
[Date "2019.07.06"]
[Round "2.27"]
[White "Quintiliano Pinto, Renato R."]
[Black "Tomiello, Lucas Costamilan"]
[Result "1-0"]
[WhiteElo "2443"]
[BlackElo "2133"]
[EventDate "2019.07.05"]
[PlyCount "79"]
[EventRounds "11"]
[EventCountry "BRA"]

1.e4 c5 2.Nf3 d6 3.d4 cxd4 4.Nxd4 Nf6 5.Nc3 a6 6.Bd3 e5 7.Nde2 Be7 8.O-O 
O-O 9.Ng3 Nc6 10.Nd5 Nxd5 11.exd5 Nb4 12.Bc4 a5 13.c3 Na6 14.f4 exf4 15.
Bxf4 Qb6+ 16.Kh1 Qxb2 17.Qe1 Bf6 18.Bxd6 Qxc3 19.Qxc3 Bxc3 20.Rac1 Rd8 21.
Be7 Re8 22.d6 Bf6 23.Nh5 Bxe7 24.Bxf7+ Kh8 25.Bxe8 Bxd6 26.Rcd1 Bg4 27.
Rxd6 Rxe8 28.Ng3 h6 29.h3 Re3 30.Nf5 Bxf5 31.Rxf5 Ra3 32.Rd8+ Kh7 33.Rd7 
Rxa2 34.Rff7 Kg6 35.Rxg7+ Kf5 36.Rxb7 a4 37.Rb5+ Kf4 38.Rf7+ Kg3 39.Rf3+ 
Kh4 40.Kh2 1-0

[Event "XIV American Continental"]
[Site "Sao Paulo BRA"]
[Date "2019.07.06"]
[Round "2.28"]
[White "Federzoni, Enzo"]
[Black "Sanchez Alvarez, Roberto Carlos"]
[Result "0-1"]
[WhiteElo "2140"]
[BlackElo "2434"]
[EventDate "2019.07.05"]
[PlyCount "116"]
[EventRounds "11"]
[EventCountry "BRA"]

1.e4 c5 2.Nf3 d6 3.Bb5+ Bd7 4.Bxd7+ Qxd7 5.c4 e5 6.Nc3 Nc6 7.d3 g6 8.O-O 
Bg7 9.a3 Nge7 10.Rb1 O-O 11.b4 Rae8 12.Nd5 f5 13.b5 Nd8 14.Bg5 Nxd5 15.
cxd5 Nf7 16.Bd2 f4 17.Ne1 h5 18.g3 Ng5 19.Nf3 Nh3+ 20.Kg2 Bh6 21.Ng1 Nxg1 
22.Rxg1 Kh7 23.f3 Rf6 24.Kh1 fxg3 25.Rxg3 Bf4 26.Bxf4 Rxf4 27.Qe2 Ref8 28.
Rbg1 R8f6 29.Qg2 Qf7 30.Rf1 c4 31.dxc4 Rxe4 32.Rxg6 Qxg6 33.fxe4 Rxf1+ 34.
Qxf1 Qxe4+ 35.Kg1 Qg4+ 36.Kh1 Qe4+ 37.Kg1 Qg4+ 38.Kh1 Kg7 39.Qd3 b6 40.a4 
h4 41.h3 Qf4 42.Kg2 e4 43.Qc3+ Kh7 44.Qe1 e3 45.Kh1 Qxc4 46.Qb1+ Kh6 47.
Qa1 Qxd5+ 48.Kg1 Qg5+ 49.Kh1 Qe5 50.Qc1 Kh5 51.Qc8 Qe4+ 52.Kh2 e2 53.Qh8+ 
Kg6 54.Qg8+ Kf6 55.Qh8+ Ke6 56.Qc8+ Ke5 57.Qe8+ Kd4 58.Qh8+ Qe5+ 0-1

[Event "XIV American Continental"]
[Site "Sao Paulo BRA"]
[Date "2019.07.06"]
[Round "2.29"]
[White "Bittencourt, Jorge"]
[Black "Do Valle Cardoso, Lucas"]
[Result "1/2-1/2"]
[WhiteElo "2433"]
[BlackElo "2132"]
[EventDate "2019.07.05"]
[PlyCount "75"]
[EventRounds "11"]
[EventCountry "BRA"]

1.Nf3 Nf6 2.c4 g6 3.Nc3 d5 4.cxd5 Nxd5 5.Qb3 Nb6 6.d4 Bg7 7.Bf4 O-O 8.Rd1 
c6 9.e4 Bg4 10.Be3 N8d7 11.Be2 Qc8 12.O-O c5 13.dxc5 Nxc5 14.Qb4 Ne6 15.
Rc1 Bxf3 16.Bxf3 Qc4 17.Qxe7 Nd4 18.Bxd4 Qxd4 19.Rfd1 Rfe8 20.Qxb7 Qb4 21.
Nd5 Nxd5 22.Qxd5 Rad8 23.Qxd8 Rxd8 24.Rxd8+ Bf8 25.g3 Kg7 26.Rc2 Qa5 27.
Rd7 Qxa2 28.Rcc7 Qxb2 29.Rxf7+ Kg8 30.e5 Qxe5 31.Rfd7 Bd6 32.Rxa7 Bc5 33.
Rg7+ Qxg7 34.Rxg7+ Kxg7 35.h4 Kf6 36.Be4 h6 37.Kg2 g5 38.hxg5+ 1/2-1/2

[Event "XIV American Continental"]
[Site "Sao Paulo BRA"]
[Date "2019.07.06"]
[Round "2.30"]
[White "De Borba, Gabriel"]
[Black "Proudian, Armen"]
[Result "0-1"]
[WhiteElo "2116"]
[BlackElo "2429"]
[EventDate "2019.07.05"]
[PlyCount "148"]
[EventRounds "11"]
[EventCountry "BRA"]

1.e4 e5 2.Nf3 Nc6 3.Bb5 a6 4.Ba4 Nf6 5.d3 b5 6.Bb3 Be7 7.O-O O-O 8.c3 d6 
9.Nbd2 Na5 10.Bc2 c5 11.Re1 Nc6 12.Nf1 Re8 13.Ng3 h6 14.h3 Be6 15.d4 cxd4 
16.cxd4 exd4 17.Nxd4 Nxd4 18.Qxd4 Rc8 19.Bb3 d5 20.e5 Nd7 21.Bf4 Bc5 22.
Qd2 g5 23.Be3 d4 24.Bxd4 Nxe5 25.Rxe5 Bxd4 26.Re2 Bg7 27.Bxe6 Rxe6 28.Rd1 
Qxd2 29.Rexd2 Be5 30.Nf5 Kh7 31.b3 Rc7 32.g4 Rec6 33.Re2 Bf6 34.Red2 Kg6 
35.Rd6 Kh7 36.R1d5 Bg7 37.Rxc6 Rxc6 38.Rd7 Rf6 39.Nxg7 Kxg7 40.Ra7 Rc6 41.
Kg2 Kg6 42.Kf3 f5 43.Ke3 h5 44.gxh5+ Kxh5 45.Kf3 Kg6 46.Ke3 Rc3+ 47.Kd2 
Rc6 48.Ke3 Rd6 49.Kf3 Kf6 50.Ke3 Ke5 51.Rg7 Rh6 52.Rxg5 Rxh3+ 53.Ke2 Rc3 
54.Kd2 Rc6 55.Rg3 Kf4 56.Rd3 Rc5 57.a4 bxa4 58.Rd4+ Kf3 59.Rxa4 a5 60.Ke1 
f4 61.Ra3 Kg2 62.Ra2 f3 63.Rb2 Rb5 64.Ra2 Rxb3 65.Rxa5 Rb1+ 66.Kd2 Kxf2 
67.Rf5 Rb7 68.Rf8 Rd7+ 69.Kc2 Kg2 70.Rg8+ Kf1 71.Rf8 f2 72.Rf6 Rg7 73.Kd2 
Kg2 74.Ke2 Re7+ 0-1

[Event "XIV American Continental"]
[Site "Sao Paulo BRA"]
[Date "2019.07.06"]
[Round "2.31"]
[White "Languidey, Simon Alejandro"]
[Black "Freitas, Remulo Aguiar"]
[Result "1-0"]
[WhiteElo "2427"]
[BlackElo "2129"]
[EventDate "2019.07.05"]
[PlyCount "73"]
[EventRounds "11"]
[EventCountry "BRA"]

1.e4 c5 2.Nf3 Nc6 3.Bb5 d6 4.O-O e5 5.c3 a6 6.Bxc6+ bxc6 7.d4 cxd4 8.cxd4 
Qc7 9.dxe5 dxe5 10.Qc2 Bd6 11.Be3 Nf6 12.Nbd2 O-O 13.Nc4 Re8 14.Rfd1 Bf8 
15.Ne1 c5 16.f3 Be6 17.Nd3 Nd7 18.Rac1 Rab8 19.b3 Bxc4 20.Qxc4 Re6 21.Nb2 
Nb6 22.Qe2 Rc6 23.Kf1 a5 24.Rc2 Rc8 25.Rdc1 Qd7 26.Qb5 f5 27.Rd1 Qe6 28.
Nc4 fxe4 29.fxe4 Qg4 30.Re2 Rf6+ 31.Bf2 Nxc4 32.Qxc4+ Kh8 33.h3 Qh5 34.Rd7
Bd6 35.Qa6 Rcf8 36.Rxd6 Rxf2+ 37.Rxf2 1-0

[Event "XIV American Continental"]
[Site "Sao Paulo BRA"]
[Date "2019.07.06"]
[Round "2.32"]
[White "Borges, Wagner da Silva"]
[Black "Umetsubo, Cesar Hidemitsu"]
[Result "0-1"]
[WhiteElo "2114"]
[BlackElo "2406"]
[EventDate "2019.07.05"]
[PlyCount "48"]
[EventRounds "11"]
[EventCountry "BRA"]

1.d4 Nf6 2.Nf3 e6 3.Bf4 d5 4.Nbd2 c5 5.e3 Nc6 6.c3 Bd6 7.Bg3 O-O 8.Bd3 b6 
9.Qe2 Bb7 10.Ne5 Ne7 11.Bh4 Ne4 12.f3 Nxd2 13.Qxd2 f6 14.Ng4 Nf5 15.Bxf5 
exf5 16.Nf2 f4 17.exf4 Re8+ 18.Kf1 cxd4 19.cxd4 Ba6+ 20.Nd3 Qc7 21.Kg1 Qc4
22.Rd1 Rac8 23.Nc1 Bb4 24.b3 Qf1+ 0-1

[Event "XIV American Continental"]
[Site "Sao Paulo BRA"]
[Date "2019.07.06"]
[Round "2.33"]
[White "Almiron, Antonio"]
[Black "Bortoloso, Moacir Canella"]
[Result "1-0"]
[WhiteElo "2402"]
[BlackElo "2120"]
[EventDate "2019.07.05"]
[PlyCount "94"]
[EventRounds "11"]
[EventCountry "BRA"]

1.Nf3 Nf6 2.c4 e6 3.e3 b6 4.b3 Bb7 5.Bb2 Be7 6.Nc3 O-O 7.d4 d5 8.Bd3 Nbd7 
9.O-O Ne4 10.cxd5 Nxc3 11.Bxc3 exd5 12.Rc1 Bf6 13.Bb4 Re8 14.Qc2 c6 15.
Bxh7+ Kh8 16.Bd3 Rc8 17.Bd6 c5 18.Qe2 g6 19.Ba6 Bxa6 20.Qxa6 Re6 21.Bg3 
Re7 22.Rfd1 Kg7 23.h3 Nf8 24.dxc5 bxc5 25.Rxd5 Qxd5 26.Qxc8 Ne6 27.Qa6 Rd7
28.Qc4 Qh5 29.Qb5 Qd5 30.e4 Qd3 31.Qxd3 Rxd3 32.Kf1 Bb2 33.Rb1 Ba3 34.Ke2 
Rd7 35.Rd1 Rb7 36.Be5+ f6 37.Bc3 Nf4+ 38.Kf1 Re7 39.e5 f5 40.g3 Ne6 41.h4 
Rc7 42.Ng5 Nxg5 43.hxg5 c4 44.e6+ Kf8 45.Bf6 Be7 46.Rd7 Rxd7 47.exd7 c3 
1-0

[Event "XIV American Continental"]
[Site "Sao Paulo BRA"]
[Date "2019.07.06"]
[Round "2.34"]
[White "Hernandez Sanchez, Jairo Andres"]
[Black "Piccoli, Lucas Fonseca"]
[Result "1-0"]
[WhiteElo "2387"]
[BlackElo "2116"]
[EventDate "2019.07.05"]
[PlyCount "130"]
[EventRounds "11"]
[EventCountry "BRA"]

1.e4 c6 2.d4 d5 3.e5 Bf5 4.Nf3 e6 5.Be2 Nd7 6.O-O h6 7.Nbd2 Ne7 8.h3 Bh7 
9.a4 Nf5 10.a5 Be7 11.Nb3 O-O 12.Bd2 c5 13.a6 b6 14.c4 dxc4 15.Bxc4 cxd4 
16.Bf4 Rc8 17.Rc1 d3 18.Bxd3 Nc5 19.Nxc5 Rxc5 20.Rxc5 Bxc5 21.Qc2 Bg6 22.
Rd1 Qc8 23.Qa4 Rd8 24.b4 Be7 25.Rc1 Qb8 26.Bb1 Nh4 27.Nxh4 Bxb1 28.Rxb1 
Bxh4 29.Rd1 Rxd1+ 30.Qxd1 Qd8 31.Qd6 Be7 32.Qxd8+ Bxd8 33.Kf1 Kf8 34.Be3 
Ke7 35.Ke2 Kd7 36.b5 Ke8 37.Kd3 Kf8 38.Ke4 Kg8 39.Bd2 Be7 40.Be3 Bd8 41.f4
g6 42.g4 Kg7 43.f5 gxf5+ 44.gxf5 Kh7 45.h4 h5 46.f6 Kg6 47.Bd2 Bc7 48.Bb4 
Bb8 49.Kf4 Bc7 50.Be1 Bd8 51.Bg3 Bc7 52.Bh2 Bd8 53.Bg1 Bc7 54.Be3 Bd8 55.
Bc1 Bc7 56.Ba3 Bb8 57.Bd6 Bxd6 58.exd6 Kxf6 59.Ke4 e5 60.Kd5 e4 61.Kc6 e3 
62.d7 Kf5 63.d8=Q Kg4 64.Qg5+ Kf3 65.Qxh5+ Kf2 1-0

[Event "XIV American Continental"]
[Site "Sao Paulo BRA"]
[Date "2019.07.06"]
[Round "2.35"]
[White "Luz, Arthur Nader"]
[Black "Barria Zuniga, Daniel"]
[Result "1-0"]
[WhiteElo "2114"]
[BlackElo "2379"]
[EventDate "2019.07.05"]
[PlyCount "65"]
[EventRounds "11"]
[EventCountry "BRA"]

1.e4 c5 2.Nf3 e6 3.d4 cxd4 4.Nxd4 Nc6 5.Nxc6 bxc6 6.Bd3 d5 7.O-O Nf6 8.Nd2
a5 9.Qe2 a4 10.c4 Be7 11.cxd5 cxd5 12.Bb5+ Bd7 13.Bxd7+ Qxd7 14.e5 Ng8 15.
Rd1 Qc6 16.Nf3 Qa6 17.Rd3 Rc8 18.Be3 Bd8 19.Qd1 Rc4 20.Rc1 Rb4 21.Nd4 Ne7 
22.Bg5 Rxb2 23.Ra3 O-O 24.Rxa4 Qb7 25.Ra3 Ng6 26.Bxd8 Rxd8 27.Nf3 h6 28.g3
Rc8 29.Rxc8+ Qxc8 30.Kg2 Qc5 31.Ra8+ Kh7 32.Ng5+ hxg5 33.Qh5# 1-0

[Event "XIV American Continental"]
[Site "Sao Paulo BRA"]
[Date "2019.07.06"]
[Round "2.36"]
[White "Fernandez Reyes, Lisandro"]
[Black "Tomiello, Mateus Costamilan"]
[Result "1-0"]
[WhiteElo "2378"]
[BlackElo "2114"]
[EventDate "2019.07.05"]
[PlyCount "55"]
[EventRounds "11"]
[EventCountry "BRA"]

1.d4 Nf6 2.c4 g6 3.Nc3 Bg7 4.e4 d6 5.h3 O-O 6.Bd3 Nc6 7.Nge2 e5 8.d5 Nd4 
9.Nxd4 exd4 10.Ne2 Re8 11.Bg5 h6 12.Bxf6 Qxf6 13.O-O c5 14.f4 Bd7 15.Ng3 
Qh4 16.Qf3 Rf8 17.Rae1 Rae8 18.e5 dxe5 19.f5 e4 20.Rxe4 Rxe4 21.Nxe4 Bxf5 
22.Nxc5 Bc8 23.Ne4 Be5 24.c5 f5 25.Nd2 g5 26.d6 Be6 27.Qe2 Qg3 28.Nf3 1-0

[Event "XIV American Continental"]
[Site "Sao Paulo BRA"]
[Date "2019.07.06"]
[Round "2.37"]
[White "Maia, Marco Aurelio Ferreira"]
[Black "Gemy, Jose Daniel"]
[Result "0-1"]
[WhiteElo "2108"]
[BlackElo "2371"]
[EventDate "2019.07.05"]
[PlyCount "86"]
[EventRounds "11"]
[EventCountry "BRA"]

1.d4 Nf6 2.c4 e6 3.Nc3 d5 4.cxd5 exd5 5.Bg5 Nbd7 6.e3 h6 7.Bh4 Be7 8.Qc2 
a6 9.Bd3 O-O 10.Nge2 c5 11.O-O c4 12.Bf5 b5 13.a3 Bb7 14.f3 Ne8 15.Bf2 Nd6
16.Bh3 Nf6 17.Ng3 a5 18.e4 b4 19.e5 bxc3 20.exd6 Bxd6 21.Qxc3 g6 22.Rfe1 
Kg7 23.Nf1 a4 24.Bg3 Bxg3 25.Nxg3 Bc6 26.Re3 Rb8 27.Rae1 Rb7 28.R1e2 Qd6 
29.Bf5 Rfb8 30.Bxg6 fxg6 31.Re6 Qd7 32.Re7+ Qxe7 33.Rxe7+ Rxe7 34.Qd2 Rb3 
35.h4 h5 36.Qg5 Kf7 37.Qf4 Rxb2 38.Qd6 Bd7 39.Qc5 Re1+ 40.Kh2 Rc1 41.Qc7 
Rcc2 42.Nf1 Rxg2+ 43.Kh1 Rge2 0-1

[Event "XIV American Continental"]
[Site "Sao Paulo BRA"]
[Date "2019.07.06"]
[Round "2.38"]
[White "Duran Vega, Sergio"]
[Black "Januario, Severino Pereira"]
[Result "1-0"]
[WhiteElo "2364"]
[BlackElo "2112"]
[EventDate "2019.07.05"]
[PlyCount "86"]
[EventRounds "11"]
[EventCountry "BRA"]

1.d4 Nf6 2.c4 g6 3.g3 Bg7 4.Bg2 O-O 5.Nc3 d6 6.Nf3 Nc6 7.O-O a6 8.d5 Ne5 
9.b3 c5 10.dxc6 Nxc6 11.Be3 Qa5 12.Rc1 Qh5 13.Nd5 Nxd5 14.cxd5 Nb4 15.Rc4 
Nxd5 16.Bg5 Nc3 17.Qd2 Bg4 18.h3 Nxe2+ 19.Qxe2 Bxf3 20.Qxf3 Qxg5 21.Qxb7 
Rfb8 22.h4 Qe5 23.Qc7 d5 24.Qxe5 Bxe5 25.Bxd5 Ra7 26.Re4 Bf6 27.Rd1 Kg7 
28.Bc4 a5 29.a4 Bc3 30.Rd3 Bb4 31.h5 e6 32.Red4 Rbb7 33.hxg6 hxg6 34.Rd1 
Re7 35.Kg2 Rac7 36.Rd8 Kf6 37.R1d3 Kg7 38.g4 g5 39.Rh3 Red7 40.Rdh8 Be1 
41.R3h7+ Kf6 42.Kg3 Ke5 43.Rh1 Bc3 1-0

[Event "XIV American Continental"]
[Site "Sao Paulo BRA"]
[Date "2019.07.06"]
[Round "2.39"]
[White "Moura, Eduardo Eugenio Chaves"]
[Black "Della Morte, German"]
[Result "1/2-1/2"]
[WhiteElo "2101"]
[BlackElo "2359"]
[EventDate "2019.07.05"]
[PlyCount "77"]
[EventRounds "11"]
[EventCountry "BRA"]

1.e4 e5 2.Nf3 Nc6 3.Bc4 Nf6 4.d3 Bc5 5.O-O O-O 6.h3 d6 7.a4 a6 8.c3 Ba7 9.
Re1 Be6 10.Bxe6 fxe6 11.Be3 Bxe3 12.Rxe3 Qe8 13.Nbd2 Nh5 14.g3 Qg6 15.Kh2 
Rf7 16.b4 Raf8 17.b5 Nb8 18.d4 exd4 19.cxd4 c6 20.Nc4 Rd7 21.e5 d5 22.Nd6 
Nf6 23.exf6 Qxf6 24.Nxb7 Rxb7 25.bxa6 Nxa6 26.Qe2 Rb6 27.a5 Rb5 28.Kg2 Re8
29.Ne5 Nc7 30.Nxc6 Qf8 31.Rc3 Ra8 32.Ne5 Rb7 33.Rc5 Qe8 34.a6 Rba7 35.Rc6 
Qf8 36.Ra4 Qe8 37.Ra2 Qf8 38.Ra4 Qe8 39.Ra2 1/2-1/2

[Event "XIV American Continental"]
[Site "Sao Paulo BRA"]
[Date "2019.07.06"]
[Round "2.40"]
[White "Mieles Palau, Daniel"]
[Black "Carvalho, Felipe Lobo"]
[Result "1-0"]
[WhiteElo "2359"]
[BlackElo "2106"]
[EventDate "2019.07.05"]
[PlyCount "67"]
[EventRounds "11"]
[EventCountry "BRA"]

1.d4 Nf6 2.g3 e6 3.Bg2 d5 4.Nf3 Be7 5.O-O O-O 6.c4 c6 7.Nc3 Nbd7 8.Qc2 Nb6
9.c5 Nbd7 10.e4 Nxe4 11.Nxe4 dxe4 12.Qxe4 Nf6 13.Qc2 Nd5 14.Rd1 Bd7 15.h4 
h6 16.Ne5 Bf6 17.Ng4 Qe7 18.Qe2 Rae8 19.f4 Bc8 20.Be3 h5 21.Ne5 Bxe5 22.
fxe5 f6 23.exf6 Qxf6 24.Bg5 Qf5 25.Rf1 Qg4 26.Qxg4 hxg4 27.Be4 Nf6 28.Bg6 
Rd8 29.Rf4 Rd5 30.Re1 Nd7 31.Rxe6 Nf6 32.Re7 Bd7 33.Bxf6 gxf6 34.Be4 1-0

[Event "XIV American Continental"]
[Site "Sao Paulo BRA"]
[Date "2019.07.06"]
[Round "2.42"]
[White "Rodi, Luis Ernesto"]
[Black "Labussiere, Yago"]
[Result "1-0"]
[WhiteElo "2343"]
[BlackElo "2101"]
[EventDate "2019.07.05"]
[PlyCount "45"]
[EventRounds "11"]
[EventCountry "BRA"]

1.e4 c5 2.Nf3 e6 3.d4 cxd4 4.Nxd4 Nc6 5.Nc3 Qc7 6.Be3 a6 7.Qf3 Nf6 8.O-O-O
Ne5 9.Qg3 b5 10.f4 Neg4 11.Bg1 b4 12.Na4 h5 13.e5 Nd5 14.Bd3 g6 15.Be4 Bb7
16.Qf3 Qa5 17.b3 d6 18.h3 dxe5 19.Nxe6 fxe6 20.hxg4 hxg4 21.Qxg4 Rxh1 22.
Qxe6+ Be7 23.Bxg6+ 1-0

[Event "XIV American Continental"]
[Site "Sao Paulo BRA"]
[Date "2019.07.06"]
[Round "2.43"]
[White "Rangel, Daniel"]
[Black "Palacio, Igor da Paz"]
[Result "1-0"]
[WhiteElo "2325"]
[BlackElo "2098"]
[EventDate "2019.07.05"]
[PlyCount "87"]
[EventRounds "11"]
[EventCountry "BRA"]

1.c4 Nf6 2.g3 g6 3.Bg2 Bg7 4.Nc3 d6 5.d3 e5 6.e4 O-O 7.Nge2 c6 8.O-O a6 9.
h3 Ne8 10.Be3 c5 11.f4 Bh6 12.Qd2 b6 13.Rf2 Nc6 14.Raf1 f6 15.Nd5 Nd4 16.
g4 Nxe2+ 17.Qxe2 Bb7 18.fxe5 Bxe3 19.Nxe3 dxe5 20.g5 Qd6 21.Ng4 Bc8 22.
Nxf6+ Nxf6 23.Rxf6 Be6 24.Kh2 Rxf6 25.Rxf6 Rf8 26.Qf2 Qd8 27.Rxf8+ Qxf8 
28.Qe3 Kg7 29.Bf3 a5 30.Bd1 Qf1 31.Ba4 Kf7 32.Bc6 Ke7 33.Bd5 Kd6 34.b3 
Bxh3 35.Qxh3 Qf2+ 36.Kh1 Qe1+ 37.Kg2 Qe2+ 38.Kg1 Qe1+ 39.Qf1 Qg3+ 40.Kh1 
Qh4+ 41.Kg2 Qxg5+ 42.Kf3 Qf4+ 43.Ke2 Qxf1+ 44.Kxf1 1-0

[Event "XIV American Continental"]
[Site "Sao Paulo BRA"]
[Date "2019.07.06"]
[Round "2.44"]
[White "Souza, Rafael Cabral de"]
[Black "Aranha Filho, Alvaro Zimmermann"]
[Result "0-1"]
[WhiteElo "2094"]
[BlackElo "2320"]
[EventDate "2019.07.05"]
[PlyCount "66"]
[EventRounds "11"]
[EventCountry "BRA"]

1.e4 c5 2.Nc3 e6 3.Nf3 Nc6 4.g3 g5 5.Bg2 Bg7 6.d3 h6 7.O-O d6 8.Be3 Nge7 
9.h3 e5 10.Nd5 Nxd5 11.exd5 Ne7 12.Nd2 O-O 13.Rb1 f5 14.Nc4 f4 15.Bd2 Nf5 
16.Kh2 b5 17.Na5 Nd4 18.Nc6 Nxc6 19.dxc6 d5 20.c4 bxc4 21.dxc4 e4 22.c7 
Qxc7 23.Ba5 Qd7 24.Qxd5+ Qxd5 25.cxd5 f3 26.Bh1 Ba6 27.Rfe1 Be2 28.d6 Bd4 
29.d7 Bxb2 30.Rxe2 fxe2 31.Bxe4 Rad8 32.Bd5+ Kg7 33.Be4 Rxd7 0-1

[Event "XIV American Continental"]
[Site "Sao Paulo BRA"]
[Date "2019.07.06"]
[Round "2.45"]
[White "Coro, Lucas"]
[Black "Carvalho, Rafael Cunha de"]
[Result "1-0"]
[WhiteElo "2312"]
[BlackElo "2096"]
[EventDate "2019.07.05"]
[PlyCount "105"]
[EventRounds "11"]
[EventCountry "BRA"]

1.e4 e6 2.d4 d5 3.Nd2 Nf6 4.e5 Nfd7 5.c3 c5 6.Bd3 Nc6 7.Ne2 cxd4 8.cxd4 f6
9.exf6 Nxf6 10.O-O Bd6 11.Nf3 Qb6 12.Bf4 Bxf4 13.Nxf4 O-O 14.Re1 Nb4 15.a3
Nxd3 16.Nxd3 Bd7 17.Qd2 Ne4 18.Qe3 Rac8 19.Rac1 Rxc1 20.Rxc1 Rc8 21.Rxc8+ 
Bxc8 22.h3 Bd7 23.Qf4 Qd6 24.Nfe5 Be8 25.Qc1 Bd7 26.f3 Nf6 27.Kf2 Qb6 28.
Ke3 Qd8 29.Qc5 Ne8 30.Qxa7 Bc8 31.Qc5 Nd6 32.g4 b6 33.Qb4 Ba6 34.Nf4 Qc7 
35.Kf2 Bc8 36.Kg3 Nc4 37.Nxc4 dxc4 38.Qb5 Bd7 39.Qe5 Qxe5 40.dxe5 Kf7 41.
h4 Ke7 42.Ne2 Kd8 43.Nd4 Kc7 44.f4 b5 45.f5 exf5 46.gxf5 Kb6 47.Kf4 Kc5 
48.e6 Be8 49.Ke5 c3 50.bxc3 Kc4 51.e7 Kxc3 52.Ne6 Kb3 53.Nxg7 1-0

[Event "XIV American Continental"]
[Site "Sao Paulo BRA"]
[Date "2019.07.06"]
[Round "2.46"]
[White "Silva, Rodrigo Ferreira da"]
[Black "Guimaraes, Diogo Duarte"]
[Result "0-1"]
[WhiteElo "1803"]
[BlackElo "2307"]
[EventDate "2019.07.05"]
[PlyCount "122"]
[EventRounds "11"]
[EventCountry "BRA"]

1.d4 d5 2.Nf3 Nf6 3.Bf4 c5 4.e3 Nc6 5.c3 e6 6.Be2 Be7 7.O-O Nh5 8.Nbd2 
Nxf4 9.exf4 cxd4 10.cxd4 Qb6 11.Nb3 O-O 12.Bd3 Bd7 13.Ne5 Be8 14.Re1 g6 
15.Nxc6 Bxc6 16.f5 Bb4 17.fxg6 Bxe1 18.gxh7+ Kh8 19.Qxe1 Rae8 20.Qe2 f5 
21.Qe5+ Kxh7 22.Re1 Qd8 23.Re3 Qf6 24.Qf4 Rg8 25.Nc5 Kg7 26.Be2 Rh8 27.
Rg3+ Kf7 28.Nd3 Reg8 29.Qc7+ Qe7 30.Ne5+ Kf6 31.Qxe7+ Kxe7 32.Ng6+ Rxg6 
33.Rxg6 Rh4 34.g4 Be8 35.Rg7+ Bf7 36.gxf5 exf5 37.Kg2 Kf6 38.Rg3 Rxd4 39.
Rb3 b6 40.Bf3 Rd2 41.h4 d4 42.Rb4 Bxa2 43.Kg3 Bb1 44.h5 Kg5 45.Rb5 Bd3 46.
Rd5 Rxb2 47.Rxd4 Be2 48.Bb7 Kxh5 49.Rh4+ Kg5 50.f4+ Kg6 51.Rh8 Rb3+ 52.Kh4
Bg4 53.Rg8+ Kf6 54.Bg2 Rb2 55.Kg3 a5 56.Rc8 a4 57.Rc6+ Ke7 58.Bd5 Rd2 59.
Bg8 b5 60.Rb6 Be2 61.Kh4 Bd3 0-1

[Event "XIV American Continental"]
[Site "Sao Paulo BRA"]
[Date "2019.07.06"]
[Round "2.47"]
[White "Uribe Arteaga, Daniel"]
[Black "Manzi, Luiz Antonio Bardaro"]
[Result "1-0"]
[WhiteElo "2304"]
[BlackElo "2092"]
[EventDate "2019.07.05"]
[PlyCount "55"]
[EventRounds "11"]
[EventCountry "BRA"]

1.e4 e5 2.Nf3 Nc6 3.Nc3 Nf6 4.g3 d5 5.exd5 Nxd5 6.Bg2 Nxc3 7.bxc3 Bd6 8.
O-O O-O 9.d3 Bg4 10.h3 Bh5 11.Rb1 f5 12.Rxb7 Kh8 13.Qe1 Qd7 14.Nd2 Na5 15.
Rb1 Rae8 16.c4 Nc6 17.Bb2 Nd4 18.Bxd4 exd4 19.Qc1 Be2 20.Re1 f4 21.Ne4 f3 
22.Kh2 Re6 23.h4 Rxe4 24.dxe4 Qc6 25.e5 fxg2 26.exd6 g1=Q+ 27.Kxg1 Rxf2 
28.Rb8+ 1-0

[Event "XIV American Continental"]
[Site "Sao Paulo BRA"]
[Date "2019.07.06"]
[Round "2.48"]
[White "Sato, Leticia Miho"]
[Black "Brito, Luismar"]
[Result "1-0"]
[WhiteElo "1693"]
[BlackElo "2298"]
[EventDate "2019.07.05"]
[PlyCount "85"]
[EventRounds "11"]
[EventCountry "BRA"]

1.d4 b6 2.Nf3 Bb7 3.Bf4 Nf6 4.e3 d6 5.h3 Nbd7 6.Nbd2 g6 7.Be2 Bg7 8.O-O 
O-O 9.c3 Qe8 10.Bg3 e5 11.dxe5 Nxe5 12.Qc2 Qe7 13.Rfd1 Nfd7 14.a4 a5 15.
Nd4 Nc5 16.Bb5 h5 17.Bf4 Ne6 18.Bxe5 dxe5 19.Nc6 Bxc6 20.Bxc6 Rad8 21.Bb5 
Kh7 22.Nf3 f5 23.Rxd8 Rxd8 24.Rd1 Rd6 25.Bc4 Bf6 26.Ba2 Nc5 27.Rd2 Rxd2 
28.Qxd2 Nxa4 29.Qd5 Kh6 30.Qg8 Nxb2 31.Bf7 Bg7 32.Be8 h4 33.g3 hxg3 34.
fxg3 Qf8 35.Qe6 Qd6 36.Qf7 Qd1+ 37.Kg2 Qe2+ 38.Kg1 Qxe3+ 39.Kg2 Qe2+ 40.
Kg1 Qd1+ 41.Kg2 Qd6 42.Nh4 Nd1 43.Nxf5+ 1-0

[Event "XIV American Continental"]
[Site "Sao Paulo BRA"]
[Date "2019.07.06"]
[Round "2.49"]
[White "Cadilhac, Igor Tokuichi Kikuchi"]
[Black "Haraguchi, Matheus Sashaki"]
[Result "1-0"]
[WhiteElo "2291"]
[BlackElo "1555"]
[EventDate "2019.07.05"]
[PlyCount "65"]
[EventRounds "11"]
[EventCountry "BRA"]

1.d4 d5 2.Nc3 Nf6 3.Bf4 c6 4.e3 Bf5 5.f3 Nbd7 6.g4 Bg6 7.h4 h6 8.Nge2 b5 
9.Bg3 Nb6 10.Nf4 Bh7 11.g5 Nfd7 12.g6 Bxg6 13.Nxg6 fxg6 14.Bd3 Kf7 15.Rg1 
g5 16.f4 e6 17.fxg5 hxg5 18.Rf1+ Kg8 19.Qg4 Qe8 20.hxg5 Nc4 21.Bxc4 bxc4 
22.O-O-O Qg6 23.Ne2 Qe8 24.Rh1 e5 25.g6 Rh6 26.Rxh6 gxh6 27.Rf1 Bg7 28.Rf7
Nf6 29.Qf5 exd4 30.Be5 d3 31.Rxg7+ Kh8 32.Rh7+ Kg8 33.Rh8+ 1-0

[Event "XIV American Continental"]
[Site "Sao Paulo BRA"]
[Date "2019.07.06"]
[Round "2.50"]
[White "Molina, Roberto Junio Brito"]
[Black "Cordioli, Jairo Ribeiro"]
[Result "1-0"]
[WhiteElo "2464"]
[BlackElo "1871"]
[EventDate "2019.07.05"]
[PlyCount "79"]
[EventRounds "11"]
[EventCountry "BRA"]

1.e4 c5 2.Nf3 d6 3.d4 cxd4 4.Nxd4 Nf6 5.Nc3 a6 6.f3 e5 7.Nb3 Be7 8.Be3 Be6
9.Qd2 Nbd7 10.O-O-O Nb6 11.g4 Rc8 12.g5 Nfd7 13.Kb1 Nc4 14.Bxc4 Bxc4 15.h4
Nc5 16.Nd5 Bxd5 17.Qxd5 Qc7 18.c3 Qc6 19.Nxc5 Qxd5 20.Rxd5 dxc5 21.Rxe5 f6
22.Rd5 Rd8 23.Rxd8+ Kxd8 24.Kc2 Kc7 25.Kd3 Rd8+ 26.Ke2 Kc6 27.f4 c4 28.Bd4
Bc5 29.Ke3 b5 30.Rd1 fxg5 31.hxg5 a5 32.Rh1 Rh8 33.Bxc5 Kxc5 34.f5 Kd6 35.
Kf4 Ke7 36.Ke5 h5 37.gxh6 gxh6 38.f6+ Kf7 39.Kf5 h5 40.Rh4 1-0

[Event "XIV American Continental"]
[Site "Sao Paulo BRA"]
[Date "2019.07.06"]
[Round "2.52"]
[White "Guerreiro, Alexandre Vieira"]
[Black "Sarkar, Justin"]
[Result "0-1"]
[WhiteElo "2016"]
[BlackElo "2389"]
[EventDate "2019.07.05"]
[PlyCount "62"]
[EventRounds "11"]
[EventCountry "BRA"]

1.d4 Nf6 2.c4 e6 3.g3 c5 4.d5 exd5 5.cxd5 d6 6.Bg2 g6 7.Nc3 Bg7 8.Nf3 O-O 
9.O-O Re8 10.Nd2 a6 11.a4 Nbd7 12.Nc4 Ne5 13.Na3 Nh5 14.h3 f5 15.e4 fxe4 
16.Nxe4 Nf7 17.g4 Nf6 18.Ng5 Nxg5 19.Bxg5 b5 20.Nc2 Bd7 21.axb5 axb5 22.
Rxa8 Qxa8 23.b4 Ne4 24.Be3 Qa4 25.bxc5 dxc5 26.d6 Nc3 27.Qd2 b4 28.Bd5+ 
Nxd5 29.Qxd5+ Kh8 30.Qb7 b3 31.Na3 Bc6 0-1